000 00818nam a2200289Ia 4500
001 Z_4351
003 CHAP
008 220113s198X xx 000 0 und d
010 _a167421
040 _cCHAP
082 _a636.0842 C65
100 _aComisión Técnico Consultiva para la Determinación Regional de los Coeficientes de Agostadero. México
_9140501
245 _aMetodología de trabajo /
_cpor COTECOCA
260 _aMéxico, D. F. :
_bSecretaría de Agricultura y Ganadería,
_c198X
300 _av
440 _a
500 _aFotocopía La biblioteca tiene : v. 2 -- v. 3 -- v. 5
503 _a
650 _aCoeficiente de Agostadero
_924319
650 _aPastoreo
_985984
901 _a636.0842 C65
902 _aA
910 _a198X
942 _c1
942 _cc1
999 _c167421
_d167421